| 000 | 00518nam a2200181Ia 4500 | ||
|---|---|---|---|
| 999 |
_c5861 _d5861 |
||
| 003 | OSt | ||
| 005 | 20200125102418.0 | ||
| 008 | 190216s9999||||xx |||||||||||||| ||und|| | ||
| 040 | _coclc | ||
| 082 |
_a658.5 _bASW/E |
||
| 100 |
_aAswathappa, K _91369 |
||
| 245 | 0 |
_aEssentials Of Production Management / _cK Aswathappa |
|
| 250 | _a1st ed. | ||
| 260 |
_bHimalaya Publishing Company, _c1998. _aMumbai: |
||
| 300 | _a411p | ||
| 650 | _aManagement | ||
| 942 |
_cBK _2ddc _h658.5 _iASW/E _k658.5 _mASW/E |
||